=LDR 00000nam 2200000 4500 =001 INLIS000000000050133 =005 20170419135738.0 =006 =007 =008 =020 ##$$a 978 - 979 - 1283 - 823 =035 ##$$0010-041700000000323 =040 ##$$a NBPDMAT =082 ##$$a 398.2 =090 ##$$a 398.2 Suy m =100 ##$$a Suyono, R. P =245 ##$$a Mistisme Tengger / R. P Suryono. =250 ##$$a Cet. 1 =260 ##$$a Yogyakaarta : $b Lkis, $c 2009 =300 ##$$a x, 369 hlm. ; $c 21 cm. =650 ##$$a Mistisme =850 ##$$a NBPDMAT